[Event "Sparkassen Open A"]
[Site "Dortmund GER"]
[Date "2010.07.22"]
[Round "6"]
[White "Strathoff,J"]
[Black "Liedtke,D"]
[Result "1/2-1/2"]
[WhiteElo "2080"]
[BlackElo "2191"]

1.e4 e6 2.d4 d5 3.Nd2 Be7 4.Bd3 c5 5.c3 Nf6 6.e5 Nfd7 7.f4 cxd4 8.cxd4 Nc6
9.Ne2 Qb6 10.Nf3 f6 11.a3 O-O 12.Qc2 f5 13.O-O a5 14.b3 Ndb8 15.Be3 Bd7 16.g4 g6
17.gxf5 gxf5 18.Kh1 Na6 19.Ng3 Kh8 20.Rg1 Rac8 21.Qb2 Be8 22.Rg2 Qd8 23.Rag1 Nc7
24.Nf1 Bh5 25.Be2 Qd7 26.Ng5 Bg6 27.h4 Bxg5 28.Rxg5 Rg8 29.Bf3 Bf7 30.Qg2 Qe7
31.Bf2 h6 32.Rg7 Qf8 33.Rxg8+ Qxg8 34.Qh3 Qf8 35.Ng3 Qe7 36.Bh5 Rg8 37.a4 Na6
38.Be2 Nab4 39.Bb5 Rg4 40.Ne2 Bh5 41.Rxg4 Bxg4 42.Qc3 Na7 43.Nc1 Nxb5 44.axb5 Qd7
45.Qc5 Bf3+ 46.Kh2 Kh7 47.b6 Nc6 48.Nd3 Qg7 49.Ne1 Qg4 50.Bg3 Be4 51.Qc3 Qe2+
52.Kg1 Qd1 53.Bf2 Qg4+ 54.Kf1 Qxf4 55.Qc5 Kg6 56.Qf8 Kh5 57.Qf7+ Kg4 58.Qxb7 Nxd4
59.Qg7+ Kh3 60.b7 Nc6  1/2-1/2

[Event "Sparkassen Open A"]
[Site "Dortmund GER"]
[Date "2010.07.22"]
[Round "6"]
[White "Rott,G"]
[Black "Bluebaum,M"]
[Result "0-1"]
[WhiteElo "2221"]
[BlackElo "2098"]

1.e4 e6 2.d4 d5 3.Nd2 Be7 4.e5 c5 5.dxc5 Nc6 6.Ngf3 Qc7 7.Bb5 Bxc5 8.O-O a6
9.Bxc6+ bxc6 10.Nb3 Bb6 11.Bf4 Ne7 12.Nbd2 O-O 13.h4 a5 14.b3 Ba6 15.c4 Nf5
16.Rc1 Qe7 17.h5 h6 18.Rc3 f6 19.Re1 Qa7 20.Rf1 d4 21.Rd3 Ne3 22.fxe3 dxe3
23.Kh1 exd2 24.Qxd2 Qf7 25.Nh2 fxe5 26.Bxe5 Qxh5 27.Bf4 e5 28.Rh3 Qg6 29.Bxe5 Rxf1+
30.Nxf1 Rf8 31.Ne3 Bc8 32.Rh4 Qg5 33.Re4 Re8 34.Qc3 Bc7 35.Bf6 Qh5+ 36.Rh4 Qe2
37.Bd4 Qf2 38.Rh5 Bg4 39.Rc5 Qh4+ 40.Kg1 Qh2+ 41.Kf1 Qh1+ 42.Kf2 Rf8+  0-1

[Event "Andorra Open"]
[Site "La Massana AND"]
[Date "2010.07.22"]
[Round "6"]
[White "Shiven,K"]
[Black "Vernay,C"]
[Result "1-0"]
[WhiteElo "2335"]
[BlackElo "2470"]

1.e4 e6 2.d4 d5 3.Nd2 Be7 4.Bd3 c5 5.dxc5 Nf6 6.Qe2 a5 7.Ngf3 O-O 8.O-O Na6
9.b3 Nxc5 10.Bb2 Nxd3 11.cxd3 a4 12.Rac1 Bd7 13.Nd4 axb3 14.axb3 Ra2 15.Rc2 Qb6
16.e5 Rxb2 17.Rxb2 Qxd4 18.Nf3 Qb4 19.exf6 Bxf6 20.Rbb1 Bb5 21.Qe3 Bc3 22.Rfd1 d4
23.Qe2 Re8 24.Ng5 f6 25.Ne4 e5 26.Qg4 Qf8 27.Nxc3 dxc3 28.Rbc1 f5 29.Qf3 Bc6
30.Qh3 Qb4 31.Rc2 Qxb3 32.Rdc1 Ra8 33.Qe3 Qd5 34.Qf3 Qxf3 35.gxf3 Bxf3 36.Rxc3 Bc6
37.Rc5 e4 38.d4 Rd8 39.Rd1 Bd5 40.Rc7 Rd6 41.Kf1 f4 42.Ke2 h6 43.Ra1 Bc6
44.Ra8+ Kh7 45.Rf8 f3+ 46.Ke3 Bd5 47.Re8 Bc6 48.Ree7 Rg6 49.h4 Rg1 50.Kf4 h5
51.Re5 Re1 52.Rxh5+ Kg8 53.d5 e3 54.dxc6 exf2 55.cxb7 Rb1 56.Rc1  1-0

[Event "4th Open"]
[Site "Vecindario ESP"]
[Date "2010.07.23"]
[Round "7"]
[White "Garcia Blanco,O"]
[Black "Rodrigo Yanguas,M"]
[Result "0-1"]
[WhiteElo "2179"]
[BlackElo "2092"]

1.e4 e6 2.d4 d5 3.Nd2 Be7 4.e5 Nh6 5.Bd3 c5 6.c3 Nc6 7.Ne2 Qb6 8.Nf3 Nf5
9.O-O cxd4 10.cxd4 O-O 11.Bb1 Bd7 12.g4 Nh4 13.Nxh4 Bxh4 14.Qd3 g6 15.g5 h6
16.gxh6 Kh7 17.Rd1 Nxe5 18.Qh3 Bb5 19.Nf4 f5 20.dxe5 Qxf2+ 21.Kh1 d4 22.Bd3 Bc6+
23.Ng2 g5 24.Bxg5 Bxg5 25.Qg3 Qxg3 26.hxg3 Kxh6 27.Bc4 f4 28.Rxd4 fxg3 29.Bxe6 Rf2
30.Bd5 Rd8 31.Bxc6 Rxd4 32.Bxb7 Bd8 33.Re1 Rxb2 34.Be4 Rbd2 35.Bf3 Bb6 36.Re2 Rxe2
37.Bxe2 Re4 38.Bd3 Rxe5 39.Nf4 Kg5 40.Ne2 Kg4 41.Kg2 Bf2 42.Bc4 Re4 43.Bd3 Ra4
44.Bb1 Ra5 45.Nc3 Rh5 46.Be4 Kf4 47.Bd5 Be1 48.Ne2+ Ke3 49.Kf1 Rxd5 50.Kxe1 g2  0-1

[Event "MTO"]
[Site "Biel SUI"]
[Date "2010.07.24"]
[Round "6"]
[White "Bok,B"]
[Black "Bauer,Ch"]
[Result "0-1"]
[WhiteElo "2449"]
[BlackElo "2612"]

1.e4 e6 2.d4 d5 3.Nd2 Nc6 4.Ngf3 Nf6 5.e5 Nd7 6.Nb3 a5 7.a4 Be7 8.Bb5 Na7
9.Bd3 b6 10.Bd2 c5 11.dxc5 Nxc5 12.Nxc5 bxc5 13.c4 Rb8 14.Qc2 h6 15.O-O Qb6
16.Rab1 O-O 17.Rfe1 Nc6 18.b3 Nb4 19.Bxb4 Qxb4 20.Qe2 Qb6 21.Bc2 Rd8 22.h4 Bd7
23.h5 dxc4 24.bxc4 Qc7 25.Red1 Bc6 26.Rxb8 Qxb8 27.Rxd8+ Qxd8 28.Qd2 Bxf3
29.Qxd8+ Bxd8 30.gxf3 Bg5 31.Be4 Bf4 32.Kf1 Bxe5 33.Kg2 Kf8 34.Bc6 Ke7 35.Bb5 g6
36.hxg6 fxg6 37.Kh3 Bd4 38.Kg3 g5 39.Kg2 Kd6 40.Kg3 h5 41.Be8 h4+ 42.Kg2 Ke5
43.Bd7 Bc3 44.Bb5 Kd4 45.Ba6 Kd3 46.Kf1 e5 47.Bb5 Bd4 48.Ba6 h3 49.Bb5 e4
50.fxe4 Kxe4 51.Bc6+ Kd3 52.Bb5 Kc3 53.f3 Kb4 54.Bd7 h2 55.Kg2 Kxc4 56.Kxh2 Kb4
57.Kg2 c4 58.Bf5 c3 59.Kf1 Kb3 60.Ke2 c2 61.Kd2 Bc3+  0-1

[Event "Sparkassen Open A"]
[Site "Dortmund GER"]
[Date "2010.07.24"]
[Round "8"]
[White "Rott,G"]
[Black "Wittenberg,A"]
[Result "0-1"]
[WhiteElo "2221"]
[BlackElo "2143"]

1.e4 e6 2.d4 d5 3.Nd2 Nc6 4.Ngf3 Nf6 5.e5 Nd7 6.Nb3 a5 7.a4 Be7 8.Bd3 f6
9.Bf4 Nb4 10.Be2 c5 11.Bb5 Nc6 12.O-O O-O 13.exf6 Rxf6 14.Bg5 Rf8 15.Bxe7 Qxe7
16.c4 cxd4 17.Nbxd4 Nxd4 18.Qxd4 Nf6 19.Ne5 Rd8 20.Rad1 Rd6 21.Rfe1 b6 22.cxd5 exd5
23.Nd7 Qf7 24.Nxb6 Rb8 25.Nc4 Re6 26.Nxa5 Ba6 27.Rxe6 Qxe6 28.Qa7 Rb6 29.Qa8+ Kf7
30.Nc6 Kg6 31.Nd4 Qd6 32.Be8+ Kg5 33.h4+ Kf4 34.g3+ Kg4 35.f3+ Kh3 36.f4 Rxb2
37.Bb5 Qa3 38.Bf1+ Bxf1 39.Qc8+ Ng4  0-1

[Event "Sparkassen Open A"]
[Site "Dortmund GER"]
[Date "2010.07.24"]
[Round "8"]
[White "Zimmermann,Dir"]
[Black "Mundorf,J"]
[Result "0-1"]
[WhiteElo "2085"]
[BlackElo "1903"]

1.e4 e6 2.d4 d5 3.Nd2 Nc6 4.Ngf3 Nf6 5.e5 Nd7 6.Bb5 a6 7.Bxc6 bxc6 8.O-O c5
9.c4 Bb7 10.Qa4 dxc4 11.dxc5 Bxc5 12.Nxc4 O-O 13.Rd1 Bxf3 14.gxf3 Qh4 15.Qc2 Rad8
16.Re1 f6 17.Re4 Qh3 18.Bf4 f5 19.Ree1 Qxf3 20.Be3 f4 21.Bxc5 Nxc5 22.Qe2 Qh3
23.f3 Rf5 24.Rad1 Rdf8 25.Qg2 Qh4 26.b4 Rg5 27.bxc5 Rxg2+ 28.Kxg2 Rf5 29.Re2 Qe7
30.Nb2 Qxc5 31.Nd3 Qc4 32.Rf2 Rg5+ 33.Kh1 Qd4 34.Rfd2 c5 35.Nf2 Qe3  0-1

[Event "TCh-CHN"]
[Site "Shanghai CHN"]
[Date "2010.07.24"]
[Round "7"]
[White "Paehtz,E"]
[Black "Guo Qi"]
[Result "0-1"]
[WhiteElo "2486"]
[BlackElo "2143"]

1.e4 e6 2.d4 d5 3.Nd2 Be7 4.c3 c5 5.exd5 Qxd5 6.Ngf3 cxd4 7.Nxd4 Nf6 8.Nc4 O-O
9.Ne3 Qc5 10.Bd3 Rd8 11.Qe2 Nbd7 12.Nc4 Qd5 13.O-O Nc5 14.Bc2 b6 15.Ne3 Qd7
16.Rd1 Ba6 17.c4 Qc7 18.b3 Bd6 19.Nf1 Bb7 20.Bb2 a6 21.Ng3 Bf4 22.b4 Ncd7
23.Bb3 a5 24.a3 Nf8 25.Nb5 Qc6 26.f3 axb4 27.axb4 Rxa1 28.Bxa1 Rxd1+ 29.Qxd1 Ba6
30.Na3 Qc7 31.Nf1 Be5 32.Bxe5 Qxe5 33.Qd2 Qa1 34.Nc2 Qb1 35.Nd4 N8d7 36.Bc2 Qa1
37.b5 Bb7 38.Nc6 Qa3 39.Qb4 Qxb4 40.Nxb4 Kf8 41.Nc6 Nc5 42.Nd2 Bxc6 43.bxc6 Ke7
44.Nb3 Nxb3 45.Bxb3 Kd6 46.Ba4 Ng8 47.c7 Kxc7 48.Be8 Nh6 49.g4 Kd8 50.Ba4 Ng8
51.Kf2 Ne7 52.Ke3 Kc7 53.h4 h6 54.Be8 f6 55.Ke4 Kd6 56.Bf7 g5 57.hxg5 hxg5
58.Be8 Nc6 59.f4 gxf4 60.Kxf4 Ne5 61.Bb5 Nf7 62.Be8 Ng5 63.Ke3 Kc5 64.Bb5 e5
65.Ba6 Nf7 66.Kd3 Nd6 67.Kc3 e4 68.Kd2 Nxc4+ 69.Kc3 Nd6 70.Be2 b5 71.Bf1 Nc4
72.Be2 b4+ 73.Kb3 Na5+ 74.Ka4 Nc6  0-1

[Event "Andorra Open"]
[Site "La Massana AND"]
[Date "2010.07.25"]
[Round "9"]
[White "Fierro Baquero,M"]
[Black "Arizmendi Martinez,J"]
[Result "0-1"]
[WhiteElo "2372"]
[BlackElo "2532"]

1.e4 e6 2.d4 d5 3.Nd2 a6 4.Ngf3 Nf6 5.Bd3 c5 6.exd5 exd5 7.dxc5 Bxc5 8.Nb3 Be7
9.h3 Nc6 10.c3 Ne4 11.O-O O-O 12.Nbd4 Qd6 13.Be3 f5 14.Re1 f4 15.Nxc6 bxc6
16.Bd4 Bf5 17.b4 Rae8 18.Rc1 Bd8 19.Bc5 Qg6 20.Bxf8 Bxh3 21.Bf1 Rxf8 22.Ne5 Qf6
23.Qf3 Bf5 24.Nd3 g5 25.Nc5 Bb6 26.Bd3 Bc8 27.Qd1 Qg6 28.Bf1 Qh6 29.c4 g4
30.Qb3 g3  0-1

[Event "Tch-POR 1st Div Final"]
[Site "Vila Nova de Gaia POR"]
[Date "2010.07.26"]
[Round "3.1"]
[White "Cruz,Jor"]
[Black "Rosario,J"]
[Result "1/2-1/2"]
[WhiteElo "2114"]
[BlackElo "1970"]

1.e4 e6 2.d4 d5 3.Nd2 Be7 4.Bd3 c5 5.dxc5 Bxc5 6.exd5 exd5 7.Nb3 Bb6 8.h3 Ne7
9.Qh5 Qd6 10.Ne2 Nbc6 11.Bf4 Qf6 12.O-O-O h6 13.h4 Bd7 14.Qf3 Nb4 15.Kb1 Nxd3
16.Rxd3 Bf5 17.Rdd1 Bd7 18.Rd3 Bf5 19.Rdd1 Bd7 20.Rd3  1/2-1/2

[Event "21st Czech GM Open"]
[Site "Pardubice CZE"]
[Date "2010.07.27"]
[Round "5"]
[White "Ghaem Maghami,E"]
[Black "Rakhmanov,Ale"]
[Result "1/2-1/2"]
[WhiteElo "2585"]
[BlackElo "2590"]

1.e4 e6 2.d4 d5 3.Nd2 Be7 4.Ngf3 Nf6 5.e5 Nfd7 6.Bd3 c5 7.c3 Nc6 8.O-O O-O
9.Re1 f6 10.exf6 Nxf6 11.Nf1 Qc7 12.Bg5 Bd6 13.Bh4 Bd7 14.Bg3 Rae8 15.Qe2 b6
16.Ne5 Re7 17.Rac1 Be8 18.b4 Bxe5 19.Bxe5 Nxe5 20.Qxe5 Qxe5 21.dxe5 Nd7 22.Nd2 Bg6
23.Bxg6 hxg6 24.Nf3 Rf4 25.a3 Kh7 26.h4 Kh6 27.Re3 Rc4 28.Rb1 Rf4 29.g3 Rf5
30.Rbe1 Kh7 31.Ng5+ Kg8 32.f4 Rf8 33.c4 d4 34.Rd3 Rb8 35.Ne4 Ree8 36.Rb1 Kf8
37.Kf2 Ke7 38.Ke2 Rec8 39.Nd6 Rh8 40.Ne4 b5 41.cxb5 Rxb5 42.Rbd1 cxb4 43.Rxd4 Nb6
44.Nd6 Rc5 45.axb4 Rc3 46.Ra1 Ra8 47.Rd3 Rc7 48.Rda3 Nd5 49.b5 Kf8 50.Kf3 Kg8
51.Kg4 Kh8 52.Ra6 Nb4 53.b6 Nxa6 54.Rxa6 Rd7 55.b7 Rb8 56.Rxa7 Kh7 57.Kg5 Rc7
58.Ra3 Rd7 59.Rc3 Re7 60.Rc6 Rd7 61.Kg4 Re7 62.Kf3 Rd7 63.Ke3 Kh6 64.g4 Kh7
65.Rb6 Rc7 66.Kd4 Kg8 67.Rb4 Kf8 68.Rc4 Rbxb7 69.Nxb7 Rxb7 70.h5 gxh5 71.gxh5 Ke7
72.Ra4 Rc7 73.Ra6 Rc1 74.Ra7+ Kf8 75.Rb7 Rc2 76.Rb3 Ke7 77.Rc3 Rd2+ 78.Kc5 Rh2
79.Kc6 Rxh5 80.Ra3 g5 81.Ra7+ Kf8 82.f5 exf5 83.e6 Rh6 84.Kd6 f4 85.Rf7+ Kg8
86.Rf5 Kg7 87.Rxg5+ Kf6 88.Rg8 Kf5 89.Rf8+ Ke4 90.Kd7 f3 91.e7 Rh7 92.Ke6 Rxe7+
93.Kxe7  1/2-1/2

[Event "MTO"]
[Site "Biel SUI"]
[Date "2010.07.28"]
[Round "9"]
[White "Pavlovic,Milos"]
[Black "Kuhn,T"]
[Result "1-0"]
[WhiteElo "2534"]
[BlackElo "2218"]

1.e4 e6 2.d4 d5 3.Nd2 Be7 4.Ngf3 Nf6 5.e5 Nfd7 6.Bd3 c5 7.c3 Nc6 8.O-O a5
9.a4 Qb6 10.dxc5 Nxc5 11.Bc2 Qa6 12.Nb3 Nxb3 13.Bxb3 Bd7 14.Bc2 b5 15.Bd3 Na7
16.Qe2 Qb7 17.axb5 Nxb5 18.Bg5 Bxg5 19.Nxg5 h6 20.Qh5 Rf8 21.Nf3 Nc7 22.Qg4 g5
23.b4 a4 24.b5 a3 25.Qb4 a2 26.Nd4 f5 27.Rfe1 Kf7 28.b6 Ra4 29.Qd6 Ne8 30.Nxf5 exf5
31.e6+ Kg8 32.Qxd7 Qxd7 33.exd7 Nd6 34.Re8 Ra8 35.Rxa8 Rxa8 36.Rxa2 Rd8 37.Ra7 Kf7
38.Rc7 Ke7 39.b7 f4 40.Ba6 Nxb7 41.Bxb7 Kd6 42.Rc6+ Kxd7 43.Rxh6 Rb8 44.h4  1-0

[Event "3rd Open"]
[Site "Paleochora GRE"]
[Date "2010.07.28"]
[Round "8"]
[White "Bellia,F"]
[Black "Van Nies,P"]
[Result "1-0"]
[WhiteElo "2376"]
[BlackElo "2191"]

1.e4 e6 2.d4 d5 3.Nd2 Nc6 4.Ngf3 Nf6 5.e5 Nd7 6.Be2 Be7 7.Nf1 O-O 8.Ne3 f6
9.exf6 Nxf6 10.O-O Qd6 11.c4 b6 12.b3 Bb7 13.Bb2 Na5 14.Bc3 dxc4 15.Bxa5 bxa5
16.Nxc4 Qf4 17.Nxa5 Be4 18.Nc4 Rad8 19.Qd2 Nd5 20.g3 Qf6 21.Nfe5 Bb4 22.Qc1 Bc3
23.f3 Bxd4+ 24.Kg2 Bf5 25.Nc6 Bxa1 26.Nxd8 Rxd8 27.Qxa1 Qh6 28.Rd1 Bc2 29.Rc1 Bf5
30.Rd1 Bc2 31.Rd2 Ne3+ 32.Kg1 Rxd2 33.Nxd2 Qh3 34.Bf1 Nxf1 35.Nxf1 Qf5 36.Qc3 Bd1
37.Qxc7 Bxf3 38.Qb8+ Kf7 39.Qxa7+ Kg6 40.Qf2 Qd3 41.Qe3 Qd5 42.Nd2 Bh1 43.Qe2 Kf6
44.h3 Qc6 45.Nc4 Qa8 46.Kh2 Be4 47.Qb2+ Kg6 48.Ne5+ Kf6 49.Nd7+ Kf7 50.Qf2+ Ke7
51.Ne5 Bd5 52.Qc5+ Kf6 53.Nd7+ Kf7 54.Qf2+ Ke7 55.Nb6 Qc6 56.h4 Be4 57.Nc4 Qd5
58.Qd2 Bd3 59.Qg5+ Qxg5 60.hxg5 Bb1 61.a4 Bc2 62.Nd2 Kd6 63.Kg2 Kc5 64.Kf2 Kd4
65.a5 Kc5 66.Ke3 Kb5 67.Kd4 Kxa5 68.Kc5 Ka6 69.b4 Kb7 70.Kd6 Bd3 71.Nb3 Kb6
72.Nd4 h6 73.gxh6 gxh6 74.Kxe6 Bg6 75.Kf6 Be8 76.Nf5 h5 77.Ng7 Bd7 78.Nxh5 Kb5
79.Nf4 Kxb4 80.Ne6 Kc4 81.Ke5 Ba4 82.g4 Bc2 83.g5 Bh7 84.Nf8 Bc2 85.Nd7 Bh7
86.Nf6 Bg6 87.Nd5 Kc5 88.Ne3 Kc6 89.Ke6 Kc5 90.Nf5 Be8 91.Kf6 Kd5 92.Ng7 Ba4
93.g6 Kd6 94.Nf5+ Kd7 95.Nd4  1-0

[Event "Tch-POR 1st Div Final"]
[Site "Vila Nova de Gaia POR"]
[Date "2010.07.28"]
[Round "5.3"]
[White "Vasques,A"]
[Black "Camacho Collados,J"]
[Result "1-0"]
[WhiteElo "2110"]
[BlackElo "2394"]

1.e4 e6 2.d4 d5 3.Nd2 Nc6 4.Ngf3 Nf6 5.e5 Nd7 6.Bd3 b6 7.c3 Bb7 8.Nf1 Na5
9.Ng3 c5 10.h4 Nc6 11.O-O a5 12.Re1 cxd4 13.cxd4 Nb4 14.Bb1 Ba6 15.Nh5 g6
16.Nf6+ Nxf6 17.exf6 Bd6 18.h5 Qd7 19.Ng5 O-O-O 20.a3 Nc6 21.b4 axb4 22.axb4 Nxb4
23.Bd2 Kb7 24.Qa4 h6 25.Nxf7 Qxf7 26.Bxb4 Ra8 27.Bxd6 Bd3 28.Qxa8+ Rxa8 29.Rxa8 Kxa8
30.Bxd3 Qxf6 31.Be5 Qg5 32.hxg6 Qd2 33.Re3 Qd1+ 34.Kh2 h5 35.g7 Qg4 36.Bh7  1-0

[Event "97th ch-GBR"]
[Site "Canterbury ENG"]
[Date "2010.07.29"]
[Round "4"]
[White "Haydon,D"]
[Black "Pert,N"]
[Result "0-1"]
[WhiteElo "2187"]
[BlackElo "2551"]

1.e4 e6 2.d4 d5 3.Nd2 Be7 4.Ngf3 Nf6 5.Bd3 c5 6.dxc5 dxe4 7.Nxe4 Nxe4 8.Bxe4 Qxd1+
9.Kxd1 Bxc5 10.Ke2 Nd7 11.Be3 Bxe3 12.Kxe3 Nc5 13.Rhd1 Nxe4 14.Kxe4 b6 15.Ke3 Bb7
16.Rd4 Ke7 17.Rad1 Rhd8 18.Rxd8 Rxd8 19.Rxd8 Kxd8 20.Ne5 f6 21.Nd3 Ke7 22.f3 e5
23.c4 Kd6 24.b3 f5 25.h4 g6 26.f4 exf4+ 27.Nxf4 Ke5 28.Nd3+ Kf6 29.Nf4 h6
30.Kd4 g5 31.Nd5+ Ke6 32.hxg5 hxg5 33.Nc7+ Kd7 34.Nd5 Kd6 35.g3 Bxd5 36.cxd5 a6
37.a3 a5 38.a4 g4 39.Kc4 f4  0-1

[Event "97th ch-GBR"]
[Site "Canterbury ENG"]
[Date "2010.07.29"]
[Round "4"]
[White "Salimbeni,G"]
[Black "Pert,R"]
[Result "1/2-1/2"]
[WhiteElo "2164"]
[BlackElo "2460"]

1.e4 e6 2.d4 d5 3.Nd2 Be7 4.Bd3 c5 5.dxc5 Nf6 6.Qe2 Nc6 7.a3 Nd4 8.Qd1 Bxc5
9.Ngf3 Nxf3+ 10.Qxf3 Qc7 11.O-O O-O 12.h3 Rd8 13.exd5 Rxd5 14.Ne4 Nxe4 15.Bxe4 Rd8
16.Bf4 e5 17.Bg3 Bd6  1/2-1/2

[Event "97th ch-GBR"]
[Site "Canterbury ENG"]
[Date "2010.07.29"]
[Round "4"]
[White "Bucher,G"]
[Black "Maciol,R"]
[Result "1/2-1/2"]
[WhiteElo "2012"]
[BlackElo "2239"]

1.e4 e6 2.d4 d5 3.Nd2 Be7 4.Bd3 c5 5.dxc5 Bxc5 6.Nb3 Bd6 7.exd5 exd5 8.Qe2+ Ne7
9.Nf3 Nc6 10.Nfd4 Ne5 11.Bb5+ Bd7 12.f4 N5c6 13.Be3 O-O 14.O-O Re8 15.c3 Nxd4
16.Nxd4 Nc6 17.Bxc6 bxc6 18.Qf2 Qf6 19.Nb3 Bg4 20.Bd4 Qf5 21.Rae1 Rxe1 22.Qxe1 Qd3
23.Qh4 Qg6 24.h3 Bf5 25.Rf3 Qe6 26.Re3 Be4 27.Nc5 Bxc5 28.Bxc5 f6 29.Rg3 a5
30.Qg4 Qxg4 31.hxg4 Rb8 32.b4 a4 33.a3 Re8 34.Re3 Kf7 35.Kf2 Kg6 36.Rh3 h6
37.f5+ Kf7 38.Re3 g6 39.fxg6+ Kxg6 40.Rh3 Rg8 41.Be3 Rh8  1/2-1/2

[Event "IM"]
[Site "Creon FRA"]
[Date "2010.07.29"]
[Round "6"]
[White "Favarel,A"]
[Black "Song,Ju"]
[Result "1/2-1/2"]
[WhiteElo "2244"]
[BlackElo "2347"]

1.e4 e6 2.d4 d5 3.Nd2 Be7 4.Ngf3 Nf6 5.Bd3 c5 6.dxc5 dxe4 7.Nxe4 Nxe4 8.Bxe4 Qxd1+
9.Kxd1 Bxc5 10.Ke2 Nd7 11.c4 Nf6 12.Bc2 O-O 13.Be3 Bxe3 14.fxe3 b6 15.b4 Bb7
16.Rhc1 Rac8 17.Bd3 g6 18.Nd4 e5 19.Nb5 Bxg2 20.Nd6 Rcd8 21.c5 e4 22.Ba6 Bf3+  1/2-1/2

[Event "21st Czech GM Open"]
[Site "Pardubice CZE"]
[Date "2010.07.29"]
[Round "7"]
[White "Nakar,Ey"]
[Black "Fernandez,Dan SIN"]
[Result "1-0"]
[WhiteElo "2287"]
[BlackElo "2401"]

1.e4 e6 2.d4 d5 3.Nd2 Be7 4.Bd3 c5 5.Ngf3 Nf6 6.e5 Nfd7 7.c3 Nc6 8.O-O O-O
9.Re1 a5 10.Nf1 a4 11.a3 cxd4 12.cxd4 f5 13.exf6 Nxf6 14.Bc2 Qb6 15.Ng3 Bd7
16.Bg5 h6 17.Be3 Na5 18.Ne5 Be8 19.Ng4 Nc4 20.Qd3 Nxe3 21.fxe3 Rc8 22.Nxf6+ Bxf6
23.Qh7+ Kf7 24.Nh5 Ke7 25.Nxf6 Rxf6 26.Rf1 Kd6 27.Bd3 Rxf1+ 28.Rxf1 Rc7 29.Qg8 Re7
30.Rf8 Bd7 31.Rf2 Be8 32.Qf8 Bc6 33.Rf7 Qc7 34.Rxg7 Be8 35.Qf4+ Kc6 36.Bb5+ Kxb5
37.Qxc7 Rxc7 38.Rxc7 Bc6 39.Rf7 Kc4 40.Kf1 Kb3 41.Rf2 Be8 42.Ke1 Ka2 43.g4 b5
44.Rc2 Bg6 45.Kd2 Kb3 46.Rc5 Kxb2 47.Rxb5+ Kxa3 48.Kc3 Ka2 49.Ra5 Be8 50.Kb4 Kb2
51.Rxa4 Bxa4 52.Kxa4 Kc3 53.h4 Kd3 54.g5 hxg5 55.hxg5 Kxe3 56.g6 e5 57.dxe5  1-0

[Event "21st Czech GM Open"]
[Site "Pardubice CZE"]
[Date "2010.07.29"]
[Round "7"]
[White "Csiba,D"]
[Black "Gutman,G"]
[Result "0-1"]
[WhiteElo "2393"]
[BlackElo "2502"]

1.e4 e6 2.d4 d5 3.Nd2 a6 4.Ngf3 c5 5.exd5 exd5 6.dxc5 Bxc5 7.Nb3 Bb6 8.Bd3 Nf6
9.Qe2+ Qe7 10.O-O Qxe2 11.Bxe2 Nc6 12.Bf4 Bg4 13.Rad1 O-O 14.Rfe1 Ne4 15.Nfd4 Bd7
16.Bf3 Rfe8 17.Be3 Ne5 18.Be2 Nc4 19.Bc1 a5 20.f3 Ned6 21.c3 Nf5 22.Kf2 a4
23.Na1 a3 24.b3 Nb2 25.Rd2 Nxd4 26.cxd4 Ba5 27.Nc2 Bc3 28.Ne3 Bc6 29.Rg1 Re6
30.Nd1 Bxd2 31.Bxd2 Rae8 32.Ne3 f5 33.g3 g6 34.Rc1 g5 35.Bf1 g4 36.Nxf5 gxf3
37.Bb4 Re2+ 38.Bxe2 fxe2 39.Ne7+ Rxe7 40.Bxe7 Nd3+ 41.Kxe2 Nxc1+ 42.Kd2 Nxb3+  0-1

[Event "21st Czech GM Open"]
[Site "Pardubice CZE"]
[Date "2010.07.29"]
[Round "7"]
[White "Zaslavsky,M"]
[Black "Korobov,A"]
[Result "0-1"]
[WhiteElo "2413"]
[BlackElo "2657"]

1.e4 e6 2.d4 d5 3.Nd2 Nc6 4.Ngf3 Nf6 5.e5 Nd7 6.Nb3 a5 7.a4 b6 8.Bb5 Na7
9.Be2 Be7 10.O-O c5 11.c4 Bb7 12.Be3 O-O 13.Rc1 Rc8 14.dxc5 bxc5 15.Bd2 Nc6
16.cxd5 exd5 17.Bb5 Ndxe5 18.Nxe5 Nxe5 19.Nxa5 Ba8 20.Re1 Bd6 21.Qh5 Qf6
22.Bf1 g6 23.Qh3 h5 24.Bc3 Rb8 25.b4 d4 26.bxc5 Bxc5 27.Rxe5 Qxe5 28.Bd2 Bb4
29.Nc4 Qf6 30.Bh6 Rfe8 31.Qg3 Bd5 32.Bf4 Rbc8  0-1

[Event "Open"]
[Site "Szombathely HUN"]
[Date "2010.07.29"]
[Round "3"]
[White "Makk,R"]
[Black "Finszter,M"]
[Result "1/2-1/2"]
[WhiteElo "2243"]
[BlackElo "2077"]

1.e4 e6 2.d4 d5 3.Nd2 Nc6 4.Ngf3 Nf6 5.e5 Nd7 6.c3 f6 7.exf6 Qxf6 8.Bd3 Bd6
9.Nf1 e5 10.dxe5 Ndxe5 11.Be2 Be6 12.Be3 O-O 13.Nxe5 Nxe5 14.Ng3 Rae8 15.O-O Kh8
16.Qa4 a6 17.Rad1 c5 18.a3 Bd7 19.Qc2 Bc6 20.b4 b6 21.Qc1 Bb7 22.Rfe1 Bb8
23.f3 Qc6 24.Rf1 Ng6 25.Bd3 Nf4 26.Bxf4 Bxf4 27.Qb1 Rf6 28.Rfe1 Be3+ 29.Kh1 d4
30.Be4 Qc7 31.Bxb7 Qxb7 32.Nf5 Qf7 33.Nxe3 dxe3 34.Qd3 Rxf3 35.gxf3  1/2-1/2

[Event "Tch-POR 1st Div Final"]
[Site "Vila Nova de Gaia POR"]
[Date "2010.07.29"]
[Round "6.3"]
[White "Garcia Ortega Mendez,J"]
[Black "Tereick,B"]
[Result "1-0"]
[WhiteElo "2319"]
[BlackElo "2370"]

1.e4 e6 2.d4 d5 3.Nd2 Nc6 4.Ngf3 Nf6 5.exd5 exd5 6.Bb5 Bd6 7.O-O O-O 8.c3 Ne7
9.Re1 Ng6 10.Nf1 Ne4 11.Ne5 Qf6 12.f3 Bxe5 13.fxe4 dxe4 14.Bc4 Bf4 15.Rxe4 Qc6
16.d5 Qb6+ 17.Kh1 Bxc1 18.Qxc1 Bf5 19.Rd4 Rae8 20.Ng3 Bd7 21.Qd2 Re7 22.Rf1 Ne5
23.Bb3 c5 24.dxc6 Bxc6 25.Nf5 Rd7 26.Nxg7 Qb5 27.Rf5 Bf3 28.Qe1 Re7 29.Ne6 fxe6
30.Rxe5 Bxg2+ 31.Kxg2 Rg7+ 32.Kh3 Qe8 33.Bxe6+ Kh8 34.Bg4 Qc6 35.Qe4 Qh6+
36.Rh5 Qc1 37.Rf5 Rfg8 38.Qe5 Qc2 39.Rd7 Qc1 40.Rxg7 Qh6+ 41.Kg3  1-0

[Event "Dutch Open"]
[Site "Dieren NED"]
[Date "2010.07.30"]
[Round "4"]
[White "Visser,Y"]
[Black "Heemskerk,W"]
[Result "0-1"]
[WhiteElo "2469"]
[BlackElo "2249"]

1.e4 e6 2.d4 d5 3.Nd2 Be7 4.Ngf3 Nf6 5.e5 Nfd7 6.c3 c5 7.Bd3 b6 8.h4 Ba6
9.Bb1 h6 10.Nf1 Nc6 11.Ng3 Qc7 12.Ne2 O-O-O 13.b4 cxb4 14.cxb4 Bxb4+ 15.Bd2 Bxe2
16.Kxe2 Nxd4+ 17.Nxd4 Qc4+ 18.Bd3 Qxd4 19.Be3 Qg4+ 20.f3 Qxg2+ 21.Bf2 Bc5
22.Rf1 Nxe5  0-1

[Event "21st Czech GM Open"]
[Site "Pardubice CZE"]
[Date "2010.07.30"]
[Round "8"]
[White "Pridorozhni,A"]
[Black "Michalik,P"]
[Result "1/2-1/2"]
[WhiteElo "2553"]
[BlackElo "2453"]

1.e4 e6 2.d4 d5 3.Nd2 Be7 4.Ngf3 Nf6 5.Bd3 c5 6.exd5 Qxd5 7.dxc5 Nbd7 8.Nb3 Nxc5
9.Nxc5 Qxc5 10.O-O O-O 11.Be3 Qc7 12.Nd4 Nd5 13.Nb5 Qb8 14.Bd2 Bd7 15.Nc3 Nb4
16.Be4 Bc6 17.a3 Bxe4 18.Nxe4 Nd5 19.c4 Nf6 20.Qf3 Nxe4 21.Qxe4 Bf6 22.Rab1 Rd8
23.Be3 Rd7 24.b4 Qd8 25.g3 Rc8 26.Rfc1 h5 27.Kg2 Bd4 28.Rb3 Bxe3 29.Rxe3 b6
30.Rec3 Rd4 31.Qf3 g6 32.c5 Rd5 33.c6 Qd6 34.c7 Rd2 35.Rc6 Qd5 36.a4 Kf8
37.a5 bxa5 38.bxa5 Qxf3+ 39.Kxf3 Rb2 40.a6 Ke7 41.Rd1 Rb4 42.Rd3 Rb5 43.Ke4 Rb4+
44.Ke3 Rb5 45.Rd2 Rb4 46.h3 Ra4 47.Rd3 Ra5 48.f3 Re5+ 49.Kf4 Rb5 50.g4 hxg4
51.hxg4 Ra5 52.Ke4 Ra4+ 53.Ke3 g5 54.Kf2 Ra5 55.Rd4 Rd5 56.Rxd5 exd5 57.Ke3 Kd7
58.Rc5 Rxc7 59.Rxd5+ Ke6 60.Rxg5 Rc3+ 61.Kf4 Ra3 62.Rc5 Rxa6 63.Kg5 Ke7 64.Rc7+ Kf8
65.f4 Kg7 66.f5 Ra5 67.Rc6 Rb5 68.Ra6 Rb7 69.Kh5 Rc7 70.Ra5 Rb7 71.Ra1 f6
72.Ra6 Rc7 73.Rd6 Rf7 74.Rc6 Rb7 75.Rc8 Rd7 76.Rb8 Rc7 77.Re8 Kf7 78.Rb8 Kg7
79.Rb5 Rd7 80.Ra5 Rb7 81.Ra1 Rc7 82.g5 fxg5 83.Kxg5 Rb7 84.Ra6 Rb6 85.Rxa7+ Kf8
86.Rh7 Kg8 87.Rh1 Ra6 88.Re1 Kf7 89.Re6 Rxe6 90.fxe6+ Kxe6  1/2-1/2

[Event "Open"]
[Site "Szombathely HUN"]
[Date "2010.07.30"]
[Round "4"]
[White "Dudas,E"]
[Black "Finszter,M"]
[Result "1-0"]
[WhiteElo "2220"]
[BlackElo "2077"]

1.e4 e6 2.d4 d5 3.Nd2 Nc6 4.Ngf3 Nf6 5.e5 Nd7 6.c3 f6 7.exf6 Qxf6 8.Nb3 Bd6
9.Bg5 Qf7 10.Bd3 e5 11.dxe5 Ndxe5 12.Be2 b6 13.O-O h6 14.Bh4 Bb7 15.Nxe5 Nxe5
16.Nd4 O-O 17.b3 c5 18.Nb5 Bb8 19.f4 Nd7 20.f5 Nf6 21.Bf3 a6 22.Na3 Be5 23.Qd3 Rae8
24.Nc2 Kh8 25.Rad1 Ne4 26.Bxe4 dxe4 27.Qe3 Qh5 28.Qh3 Bf6 29.Bxf6 Qxh3 30.Bxg7+ Kxg7
31.gxh3 Rf7 32.Ne3 Ref8 33.Rf4 Bc8 34.Rdf1 Rf6 35.R1f2 R8f7 36.Kf1 Rf8 37.Ke2 R8f7
38.h4 Rf8 39.Nd5 Rxf5 40.Rxf5 Bxf5 41.Nxb6 Bg4+ 42.Ke3 Bf3 43.Nd5 Rf5 44.c4 Rh5
45.a3 Kf7 46.b4 cxb4 47.axb4 Rxh4 48.b5 axb5 49.cxb5 Ke6 50.b6 Rg4 51.b7 Rg8
52.Nc7+ Kd7 53.Na6  1-0

[Event "Politiken Cup"]
[Site "Copenhagen DEN"]
[Date "2010.07.31"]
[Round "1"]
[White "Kyrkjebo,Eirik"]
[Black "Pedersen,HB"]
[Result "1/2-1/2"]
[WhiteElo "1770"]
[BlackElo "2158"]

1.e4 e6 2.d4 d5 3.Nd2 Be7 4.Bd3 Nf6 5.e5 Nfd7 6.Qg4 g6 7.Ne2 c5 8.c3 Nc6
9.Nf3 f5 10.Qg3 c4 11.Bc2 b5 12.Nf4 Nf8 13.h4 Bd7 14.O-O Qb6 15.Bd2 Rg8 16.Ne2 b4
17.Bh6 O-O-O 18.Ng5 Re8 19.Nf4 Nd8 20.b3 Bxg5 21.Bxg5 Nf7 22.bxc4 h6 23.c5 Qa5
24.cxb4 Qxb4 25.Rab1 Qa5 26.Qb3 Qc7 27.Bf6 Nh7 28.Bd3 Bc6 29.Rfc1 Nxf6 30.exf6 Qxf4
31.Ba6+ Kd7 32.Bb5 Rc8 33.Qa4 Qc7 34.Bxc6+ Qxc6 35.Rb7+ Rc7 36.Rxc7+ Kxc7
37.Qxa7+ Qb7 38.Qa5+ Kc6 39.Re1 Re8 40.Re3 Qb1+ 41.Kh2 Qb8+ 42.g3 Qb5 43.Qa7 Qb7
44.Qa4+ Qb5 45.Qa7 Qb7 46.Qa4+ Qb5 47.Qa7  1/2-1/2

[Event "MGU-13 Open"]
[Site "Sofia BUL"]
[Date "2010.07.31"]
[Round "2"]
[White "Petrov,Vl5"]
[Black "Haug,J"]
[Result "1-0"]
[WhiteElo "1690"]
[BlackElo "1640"]

1.e4 e6 2.d4 d5 3.Nd2 Be7 4.Bd3 Nf6 5.e5 Nfd7 6.Ne2 c5 7.c3 Nc6 8.Nf3 b6
9.O-O cxd4 10.cxd4 Nb4 11.Bb1 a5 12.a3 Nc6 13.Nf4 a4 14.Qd2 Na5 15.Nh5 O-O
16.Nxg7 Bg5 17.Nxg5 Kxg7 18.Nxe6+ fxe6 19.Qh6+ Kf7 20.Qxh7+ Ke8 21.Bg6+ Rf7
22.Qxf7+  1-0